00825nam a22001817a 4500003000200000005001700002008004100019050002400060100002000084245016000104260007100264300002500335500003500360504005600395650006500451650006500516650006200581020250217112728.0250215b xxu||||| |||| 00| 0 eng d aGV 14.45b.M35 2023 aMalbog, Yuta A. aFactors affecting the students' perception in selecting tourist destinations for recreational and leisure activities during the pandemic. cYuta A. Malbog aLas Pinas CitybSouthville International School and Collegesc2023 aix, 88 pages;c28cm. aBachelor of Science in Tourism aIncludes bibliographical references and appendices. aTourist destinations – Student perception – Philippines. aRecreational activities – COVID-19 impact – Philippines. aLeisure travel – Psychological aspects – Philippines.